| 000 | 01279nam a2200289Ia 4500 | ||
|---|---|---|---|
| 001 | ebr10570975 | ||
| 003 | CaPaEBR | ||
| 006 | m u | ||
| 007 | cr cn||||||||| | ||
| 008 | 120813s2012 ts a sb 001 0 eng d | ||
| 020 | _z9781608052219 | ||
| 040 |
_aCaPaEBR _cCaPaEBR |
||
| 035 | _a(OCoLC)811371625 | ||
| 050 | 1 | 4 |
_aRC692 _b.P74 2012eb |
| 245 | 0 | 0 |
_aPreclinical atherosclerosis, global cardiovascular risk and cardiovascular events _h[electronic resource] / _ceditor, Salvatore Novo ; co-editors, Jawed Fareed, Evi Kalodiki, Jeanine M. Walenga. |
| 260 |
_a[Saif Zone, Sharjah, U.A.E] ; _aOak Park, IL : _bBentham Science, _c[2012] |
||
| 300 |
_a67 p. : _bcol. ill. |
||
| 504 | _aIncludes bibliographical references and index. | ||
| 533 |
_aElectronic reproduction. _bPalo Alto, Calif. : _cebrary, _d2011. _nAvailable via World Wide Web. _nAccess may be limited to ebrary affiliated libraries. |
||
| 650 | 0 |
_aAtherosclerosis _xRisk factors. |
|
| 650 | 0 |
_aCardiovascular system _xDiseases _xRisk factors. |
|
| 650 | 0 | _aCardiology. | |
| 655 | 7 |
_aElectronic books. _2local |
|
| 700 | 1 | _aNovo, Salvatore. | |
| 710 | 2 | _aebrary, Inc. | |
| 856 | 4 | 0 |
_uhttp://site.ebrary.com/lib/rucke/Doc?id=10570975 _zAn electronic book accessible through the World Wide Web; click to view |
| 999 |
_c80754 _d80754 |
||